00695nam a2200205 a 450000100100000000500170001000800410002702000150006804000250008308200140010824500750012226000760019730000210027349000090029473000320030383000160033504900090035195201120036099900170047200002298320200930021919.0101124s1994 ve r 000 | spa d a9806270126 aDO-SdBNPbspacBNPHU axxxbH96710aMenjase y compromiso del padre Alberto Hurtado /cLuis Enrique Marius. aCaracas :bFondo Latinoamericano de Ediciones Sociales (FLATES),c1994. a125 p. ;c22 cm. aCLAT1 aMarius, Luis Enrique947259 0aCLAT947260 aBNGR 001050718MOaGRbGRcCTd2010-11-24iLF1l0oxxx H967p22983-10r2020-06-25w2020-06-25y1ZNo se presta c22480d22480